000
00235nam a2200085Ia 4500
008
170620s9999 xx 000 0 und d
100
_a
Narasaiah- M. Lakshmi
245
0
_a
Education and Human Rights
260
_b
New Delhi- Discovery Publishing House
260
_c
2000
999
_c
24327
_d
24327